Riešenie vedeckých projektov a inovácie vzdelávania

Inovácie vo vzdelávaní ako hlavné dôvody pre rozvoj potenciálu študentov. Medzinárodný projekt FLUID-WIN - Finance, Logistics and Production Integration Domain by Web-based Interaction Networks. Vyhlásenie Rady Európy o kvalite v oblastiach vzdelávania (Council of the European Union, 2000).

Gespeichert in:
Bibliographische Detailangaben
1. Verfasser: Paľová, Dana
Weitere Verfasser: Révészová, Libuša
Format: Buchkapitel
Sprache:Slowakisch
Schlagworte:
Tags: Tag hinzufügen
Keine Tags, Fügen Sie das erste Tag hinzu!

MARC

LEADER 00000naa$a2200000$$$4500
001 0116640
005 20231114073340.4
041 0 |a slo 
044 |a SK 
245 1 0 |a Riešenie vedeckých projektov a inovácie vzdelávania  |c Dana Paľová, Libuša Révészová 
520 |a Inovácie vo vzdelávaní ako hlavné dôvody pre rozvoj potenciálu študentov. Medzinárodný projekt FLUID-WIN - Finance, Logistics and Production Integration Domain by Web-based Interaction Networks. Vyhlásenie Rady Európy o kvalite v oblastiach vzdelávania (Council of the European Union, 2000). 
610 2 0 |a vzdelávanie 
610 2 0 |a školy vysoké 
610 2 0 |a štúdium vysokoškolské 
610 2 0 |a projekty 
610 2 0 |a predmety učebné 
610 2 0 |a programy študijné 
610 2 0 |a absolventi 
610 2 0 |a škola a prax 
610 2 0 |a ekonomika vedomostná 
610 2 0 |a konkurencieschopnosť 
100 1 |a Paľová, Dana 
700 1 |a Révészová, Libuša